000 00738nam a2200253 i 4500
001 bg
100 1 _aGranops, Marian
_d(1938- ).
245 1 0 _aOdnowa wody :
_blaboratorium /
_cMarian Granops, Jadwiga Kaleta.
260 _aRzeszów :
_bOficyna Wydaw. Politechniki Rzeszowskiej,
_c1996.
300 _a136 s. :
_brys., wykr. ;
_c24 cm.
504 _aBibliogr. s. 135-136.
650 9 _aŚcieki
_xchemia
650 9 _aWoda
_xchemia
650 9 _aChemia analityczna
655 _aPodręczniki akademickie
700 1 _aKaleta, Jadwiga.
020 _a8386705574
040 _cBPK
041 0 _apl
080 _a543:628.1+628.3](075.8)(076)
920 _a83-86705-57-4
942 _cKS
008 s pl f |000 0 pol
999 _c24956
_d24956
856 _uhttp://koha.tu.koszalin.pl/cgi-bin/koha/opac-detail.pl?biblionumber=24956
_yKatalog online BPK